<?xml version="1.0" encoding="UTF-8"?>
<record
    xmlns:xsi="http://www.w3.org/2001/XMLSchema-instance"
    xsi:schemaLocation="http://www.loc.gov/MARC21/slim http://www.loc.gov/standards/marcxml/schema/MARC21slim.xsd"
    xmlns="http://www.loc.gov/MARC21/slim">

  <leader>00900nam#a22003135a#4500</leader>
  <controlfield tag="001">826</controlfield>
  <controlfield tag="008">090331s2008####ag#a##########001#0#spa#d</controlfield>
  <datafield tag="245" ind1="1" ind2="0">
    <subfield code="a">Agrosistemas :</subfield>
    <subfield code="b">Impacto ambiental y sustentabilidad /</subfield>
    <subfield code="c">Roberto J. Fern&#xE1;ndez ... [et al.].</subfield>
  </datafield>
  <datafield tag="250" ind1=" " ind2=" ">
    <subfield code="a">1&#xAA; ed.</subfield>
  </datafield>
  <datafield tag="260" ind1=" " ind2=" ">
    <subfield code="a">Buenos Aires :</subfield>
    <subfield code="b">Editorial Facultad Agronom&#xED;a,</subfield>
    <subfield code="c">2008.</subfield>
  </datafield>
  <datafield tag="300" ind1=" " ind2=" ">
    <subfield code="a">493 p. :</subfield>
    <subfield code="b">tab. ;</subfield>
    <subfield code="c">23 cm.</subfield>
  </datafield>
  <datafield tag="020" ind1=" " ind2=" ">
    <subfield code="a">9789502910611</subfield>
  </datafield>
  <datafield tag="100" ind1="1" ind2=" ">
    <subfield code="a">Fern&#xE1;ndez, Roberto J.</subfield>
  </datafield>
  <datafield tag="700" ind1="1" ind2=" ">
    <subfield code="a">Cervio, V&#xED;ctor.</subfield>
  </datafield>
  <datafield tag="700" ind1="1" ind2=" ">
    <subfield code="a">Ferrazzino, Ana.</subfield>
  </datafield>
  <datafield tag="700" ind1="1" ind2=" ">
    <subfield code="a">Formento, Susana.</subfield>
  </datafield>
  <datafield tag="700" ind1="1" ind2=" ">
    <subfield code="a">Giuffr&#xE9;, Lidia.</subfield>
  </datafield>
  <datafield tag="080" ind1=" " ind2=" ">
    <subfield code="a">631</subfield>
  </datafield>
  <datafield tag="084" ind1=" " ind2=" ">
    <subfield code="a">G91</subfield>
  </datafield>
  <datafield tag="653" ind1=" " ind2=" ">
    <subfield code="a">Impacto global en el agro</subfield>
  </datafield>
  <datafield tag="653" ind1=" " ind2=" ">
    <subfield code="a">Biocombustible</subfield>
  </datafield>
  <datafield tag="653" ind1=" " ind2=" ">
    <subfield code="a">Contaminaci&#xF3;n de suelo</subfield>
  </datafield>
  <datafield tag="653" ind1=" " ind2=" ">
    <subfield code="a">Contaminaci&#xF3;n de aguas</subfield>
  </datafield>
  <datafield tag="653" ind1=" " ind2=" ">
    <subfield code="a">Empresas agropecuarias</subfield>
  </datafield>
  <datafield tag="040" ind1=" " ind2=" ">
    <subfield code="a">AR-ClEAG</subfield>
    <subfield code="c">AR-ClEAG</subfield>
  </datafield>
  <controlfield tag="005">20241107184649.0</controlfield>
  <controlfield tag="003">AR-ClEAG</controlfield>
  <datafield tag="942" ind1=" " ind2=" ">
    <subfield code="c">BK</subfield>
  </datafield>
  <datafield tag="999" ind1=" " ind2=" ">
    <subfield code="c">826</subfield>
    <subfield code="d">826</subfield>
  </datafield>
  <datafield tag="980" ind1=" " ind2=" ">
    <subfield code="6">2</subfield>
    <subfield code="a">Evangelina Gallicchio</subfield>
    <subfield code="8">2</subfield>
    <subfield code="g">Evangelina Gallicchio</subfield>
  </datafield>
  <datafield tag="952" ind1=" " ind2=" ">
    <subfield code="0">0</subfield>
    <subfield code="1">0</subfield>
    <subfield code="2">udc</subfield>
    <subfield code="4">0</subfield>
    <subfield code="7">0</subfield>
    <subfield code="a">EAC</subfield>
    <subfield code="b">EAC</subfield>
    <subfield code="c">Agricultura</subfield>
    <subfield code="d">2024-11-07</subfield>
    <subfield code="i">3509</subfield>
    <subfield code="l">0</subfield>
    <subfield code="o">R8 631 G91 1 Ej.1</subfield>
    <subfield code="p">3509</subfield>
    <subfield code="r">2024-11-07 18:46:49</subfield>
    <subfield code="w">2024-11-07</subfield>
    <subfield code="y">BK</subfield>
  </datafield>
  <datafield tag="952" ind1=" " ind2=" ">
    <subfield code="0">0</subfield>
    <subfield code="1">0</subfield>
    <subfield code="2">udc</subfield>
    <subfield code="4">0</subfield>
    <subfield code="7">0</subfield>
    <subfield code="a">EAC</subfield>
    <subfield code="b">EAC</subfield>
    <subfield code="c">Agricultura</subfield>
    <subfield code="d">2024-11-07</subfield>
    <subfield code="i">2730</subfield>
    <subfield code="l">0</subfield>
    <subfield code="o">R8 631 G91 Ej.2</subfield>
    <subfield code="p">2730</subfield>
    <subfield code="r">2024-11-07 18:46:49</subfield>
    <subfield code="w">2024-11-07</subfield>
    <subfield code="y">BK</subfield>
  </datafield>
</record>
